Allgemeine Literatur-Zeitung vom Jahre ...

Podrobná bibliografia
Nový názov:Literarisches Zentralblatt für Deutschland
Ďalší autori: Stahel, Joseph (Tlačiar), Mauke, Johann Michael (Tlačiar), C. G. Schütz (Editor), C. G. Schütz ; J. S. Ersch (Editor)
Médium: Časopis
Jazyk:nemčina
Fyzický popis:27 cm
Vydavateľské údaje: Jena in der Expedition dieser Zeitung [1785-1849]
Jena in der churf. sächs. Zeitungs-Expedition
Leipzig
Predmet:

MARC

LEADER 00000nas a2200000 4500
001 vtls012291375
005 20260417130417.0
008 260211d17851849gw dr p 000 b0ger
015 |a SNBHFB 
040 |a SNK  |b slo  |c SNKHF  |e rda 
041 0 |a ger 
044 |a gw  |c DE 
072 7 |a 82  |x Literatúra. Literárny život  |2 konspekt 
072 7 |a 81  |x Lingvistika. Jazyky  |2 konspekt 
080 |a (051)-048.55  |2 2011 
080 |a 82  |2 2011 
080 |a 811.1/.9  |2 2011 
245 0 0 |a Allgemeine Literatur-Zeitung vom Jahre ... 
260 |a Jena 
264 1 |a Jena  |b in der Expedition dieser Zeitung  |c [1785-1849] 
264 1 |3 [1785-1849]  |a Leipzig  |b in der churf. sächs. Zeitungs-Expedition 
264 2 3 |3 [1785-1790]  |a Wien  |b bey Joseph Stahel Buchhändler 
264 3 |3 1791,1798,1799  |a Jena  |b gedruckt bey Johann Michael Mauke 
300 |c 27 cm 
310 |a Denne 
336 |a text  |b txt  |2 rdacontent 
337 |a bez média  |b n  |2 rdamedia 
338 |a zväzok  |b nc  |2 rdacarrierr 
362 0 |a [Rok 1785-rok 1849]  |z ZDB/2026 
500 |a V stĺpcoch tlačený text 
500 |a Súčasťou názvu je označenie roku 
500 |a Editor: 1820-1827, C. G. Schütz ; J. S. Ersch 
504 |a Register 
561 |a Proveniencia: pečiatka Dr. E. Kadarász - ver. not. poz. Margity Zayovej Čís. 9589-9592.  |5 SNK ČB 276/1787 
561 |a Proveniencia: pečiatka Dr. E. Kadarász - ver. not. poz. Margity Zayovej Čís. 9593-9596.  |5 SNK ČB 276/1788 
561 |a Proveniencia: pečiatka Dr. E. Kadarász - ver. not. poz. Margity Zayovej Čís. 9773-9778.  |5 SNK ČB 276/1790 
561 |a Proveniencia: pečiatka Dr. E. Kadarász - ver. not. poz. Margity Zayovej Čís. 9597-9598.  |5 SNK ČB 276/1791 
561 |a Proveniencia: pečiatka Dr. E. Kadarász - ver. not. poz. Margity Zayovej Čís. 9600-9601.  |5 SNK ČB 276/1792 
561 |a Proveniencia: pečiatka Dr. E. Kadarász - ver. not. poz. Margity Zayovej Čís. 9603-9604.  |5 SNK ČB 276/1793 
561 |a Proveniencia: pečiatka Dr. E. Kadarász - ver. not. poz. Margity Zayovej Čís. 9606-9613.  |5 SNK ČB 276/1796 
561 |a Proveniencia: pečiatka Dr. E. Kadarász - ver. not. poz. Margity Zayovej Čís. 9614-9617.  |5 SNK ČB 276/1797 
561 |a Proveniencia: pečiatka Dr. E. Kadarász - ver. not. poz. Margity Zayovej Čís. 9619-9622.  |5 SNK ČB 276/1798 
561 |a Proveniencia: pečiatka Dr. E. Kadarász - ver. not. poz. Margity Zayovej Čís. 9623-9626.  |5 SNK ČB 276/1799 
561 |a Proveniencia: pečiatka Dr. E. Kadarász - ver. not. poz. Margity Zayovej Čís. 9627-9629.  |5 SNK ČB 276/1800 
561 |a Proveniencia: pečiatka Dr. E. Kadarász - ver. not. poz. Margity Zayovej Čís. 9630-9633.  |5 SNK ČB 276/1801 D1 
561 |a Proveniencia: pečiatka Dr. E. Kadarász - ver. not. poz. Margity Zayovej Čís. 9630-9637.  |5 SNK ČB 276/1802 
561 |a Proveniencia: pečiatka Dr. E. Kadarász - ver. not. poz. Margity Zayovej Čís. 9638-9641.  |5 SNK ČB 276/1803 
561 |a Proveniencia: pečiatka Dr. E. Kadarász - ver. not. poz. Margity Zayovej Čís. 9642-9645.  |5 SNK ČB 276/1804 
561 |a Proveniencia: pečiatka Dr. E. Kadarász - ver. not. poz. Margity Zayovej Čís. 9646-9649.  |5 SNK ČB 276/1805 
561 |a Proveniencia: pečiatka Dr. E. Kadarász - ver. not. poz. Margity Zayovej Čís. 9650-9653.  |5 SNK ČB 276/1806 
561 |a Proveniencia: pečiatka Dr. E. Kadarász - ver. not. poz. Margity Zayovej Čís. 9654-9657.  |5 SNK ČB 276/1807 
561 |a Proveniencia: pečiatka Dr. E. Kadarász - ver. not. poz. Margity Zayovej Čís. 9658-9661.  |5 SNK ČB 276/1808 
561 |a Proveniencia: pečiatka Dr. E. Kadarász - ver. not. poz. Margity Zayovej Čís. 9662-9665.  |5 SNK ČB 276/1809 
561 |a Proveniencia: pečiatka Dr. E. Kadarász - ver. not. poz. Margity Zayovej Čís. 9666-9669.  |5 SNK ČB 276/1810 
561 |a Proveniencia: pečiatka Dr. E. Kadarász - ver. not. poz. Margity Zayovej Čís. 9670-9673.  |5 SNK ČB 276/1811 
561 |a Proveniencia: pečiatka Dr. E. Kadarász - ver. not. poz. Margity Zayovej Čís. 9674-9677.  |5 SNK ČB 276/1812 
561 |a Proveniencia: pečiatka Dr. E. Kadarász - ver. not. poz. Margity Zayovej Čís. 9678-9680.  |5 SNK ČB 276/1813 D1 
561 |a Proveniencia: pečiatka Dr. E. Kadarász - ver. not. poz. Margity Zayovej Čís. 9681-9683.  |5 SNK ČB 276/1814 
561 |a Proveniencia: pečiatka Dr. E. Kadarász - ver. not. poz. Margity Zayovej Čís. 9684-9686.  |5 SNK ČB 276/1815 
561 |a Proveniencia: pečiatka Dr. E. Kadarász - ver. not. poz. Margity Zayovej Čís. 9687-9689.  |5 SNK ČB 276/1816 
561 |a Proveniencia: pečiatka Dr. E. Kadarász - ver. not. poz. Margity Zayovej Čís. 9690-9692.  |5 SNK ČB 276/1817 D1 
561 |a Proveniencia: pečiatka Dr. E. Kadarász - ver. not. poz. Margity Zayovej Čís. 9694.  |5 SNK ČB 276/1818 
561 |a Proveniencia: pečiatka Dr. E. Kadarász - ver. not. poz. Margity Zayovej Čís. 9698-9700.  |5 SNK ČB 276/1819 
561 |a Proveniencia: pečiatka Dr. E. Kadarász - ver. not. poz. Margity Zayovej Čís. 9701-9704.  |5 SNK ČB 276/1820 
561 |a Proveniencia: pečiatka Dr. E. Kadarász - ver. not. poz. Margity Zayovej Čís. 9705-9708.  |5 SNK ČB 276/1821 D1 
561 |a Proveniencia: pečiatka Dr. E. Kadarász - ver. not. poz. Margity Zayovej Čís. 9709-9712.  |5 SNK ČB 276/1822 
561 |a Proveniencia: pečiatka Dr. E. Kadarász - ver. not. poz. Margity Zayovej Čís. 9712-9716.  |5 SNK ČB 276/1823 
561 |a Proveniencia: pečiatka Dr. E. Kadarász - ver. not. poz. Margity Zayovej Čís. 9717-9720.  |5 SNK ČB 276/1824 
561 |a Proveniencia: pečiatka Dr. E. Kadarász - ver. not. poz. Margity Zayovej Čís. 9721-9724.  |5 SNK ČB 276/1825 D1 
561 |a Proveniencia: pečiatka Dr. E. Kadarász - ver. not. poz. Margity Zayovej Čís. 9725-9728.  |5 SNK ČB 276/1826 
561 |a Proveniencia: pečiatka Dr. E. Kadarász - ver. not. poz. Margity Zayovej Čís. 9729-9732.  |5 SNK ČB 276/1827 
561 |a Proveniencia: pečiatka Dr. E. Kadarász - ver. not. poz. Margity Zayovej Čís. 9733-9736.  |5 SNK ČB 276/1828 
561 |a Proveniencia: pečiatka Dr. E. Kadarász - ver. not. poz. Margity Zayovej Čís. 9737,9739-9751.  |5 SNK ČB 276/1829 D1 
561 |a Proveniencia: pečiatka Dr. E. Kadarász - ver. not. poz. Margity Zayovej Čís. 9752-9760f.  |5 SNK ČB 276/1830 
561 |a Proveniencia: pečiatka Dr. E. Kadarász - ver. not. poz. Margity Zayovej Čís. 9761-9772.  |5 SNK ČB 276/1831 
562 |a Rukopisné poznámky.  |5 SNK ČB 276/1787, 1788 
588 |a Popis podľa: Januar (1787) 
650 0 7 |a literatúra  |2 SNKPH  |9 1427 
650 0 7 |a lingvistika  |2 SNKPH  |9 860 
655 7 |a špecializované časopisy  |2 SNKPH  |9 70509 
700 1 |a Stahel, Joseph  |4 prt  |9 265571 
700 1 |a Mauke, Johann Michael  |4 prt  |9 265572 
700 1 |a C. G. Schütz  |4 edt  |9 1628448 
700 1 |a C. G. Schütz ; J. S. Ersch  |4 edt  |9 1628449 
752 |a Nemecko  |d Jena 
752 |a Nemecko  |d Lipsko 
752 |a Rakúsko  |d Viedeň 
770 0 |a Intelligenzblatt der Allgem. Literatur-zeitung vom Jahre...  |w vtls012291429 
785 0 0 |t Literarisches Zentralblatt für Deutschland 
852 |a snk  |b Zaiova knižnica: Zay 9217-9220  |p ČB 276/1787 
852 |a snk  |b Zaiova knižnica: Zay 9221-9224  |p ČB 276/1788 
852 |a snk  |b Zaiova knižnica: Zay 9399-9404, 9414  |p ČB 276/1790 
852 |a snk  |b Zaiova knižnica: Zay 9225-9226  |p ČB 276/1791 
852 |a snk  |b Zaiova knižnica: Zay 9228-9229  |p ČB 276/1792 
852 |a snk  |b Zaiova knižnica: Zay 9231-9232  |p ČB 276/1793 
852 |a snk  |b Zaiova knižnica: Zay 9234-9241  |p ČB 276/1796 
852 |a snk  |b Zaiova knižnica: Zay 9242-9246  |p ČB 276/1797 
852 |a snk  |b Zaiova knižnica: Zay 9247-9250  |p ČB 276/1798 
852 |a snk  |b Zaiova knižnica: Zay 9251-9254  |p ČB 276/1799 
852 |a snk  |b Zaiova knižnica: Zay 9255,9257,9258  |p ČB 276/1800 
852 |a snk  |b Zaiova knižnica: Zay 9259-9262  |p ČB 276/1801 D1 
852 |a snk  |b Zaiova knižnica: Zay 9263-9266  |p ČB 276/1802 
852 |a snk  |b Zaiova knižnica: Zay 9267-9270  |p ČB 276/1803 
852 |a snk  |b Zaiova knižnica: Zay 9271-9274  |p ČB 276/1804 
852 |a snk  |b Zaiova knižnica: Zay 9275-9278  |p ČB 276/1805 
852 |a snk  |b Zaiova knižnica: Zay 9279-9282  |p ČB 276/1806 
852 |a snk  |b Zaiova knižnica: Zay 9283-9286  |p ČB 276/1807 
852 |a snk  |b Zaiova knižnica: Zay 9287-9290  |p ČB 276/1808 
852 |a snk  |b Zaiova knižnica: Zay 9291-9294  |p ČB 276/1809 
852 |a snk  |b Zaiova knižnica: Zay 9295-9298  |p ČB 276/1810 
852 |a snk  |b Zaiova knižnica: Zay 9299-9302  |p ČB 276/1811 
852 |a snk  |b Zaiova knižnica: Zay 9303-9306  |p ČB 276/1812 
852 |a snk  |b Zaiova knižnica: Zay 9307-9309  |p ČB 276/1813 
852 |a snk  |b Zaiova knižnica: Zay 9310-9312  |p ČB 276/1814 
852 |a snk  |b Zaiova knižnica: Zay 9313-9315  |p ČB 276/1815 
852 |a snk  |b Zaiova knižnica: Zay 9316-9318  |p ČB 276/1816 
852 |a snk  |b Zaiova knižnica: Zay 9319-9321  |p ČB 276/1817 
852 |a snk  |b Zaiova knižnica: Zay 9322-9323  |p ČB 276/1818 
852 |a snk  |b Zaiova knižnica: Zay 9324-9326  |p ČB 276/1819 
852 |a snk  |b Zaiova knižnica: Zay 9327-9330  |p ČB 276/1820 
852 |a snk  |b Zaiova knižnica: Zay 9331-9334  |p ČB 276/1821 
852 |a snk  |b Zaiova knižnica: Zay 9335-9338  |p ČB 276/1822 
852 |a snk  |b Zaiova knižnica: Zay 9339-9342  |p ČB 276/1823 
852 |a snk  |b Zaiova knižnica: Zay 9343-9346  |p ČB 276/1824 
852 |a snk  |b Zaiova knižnica: Zay 9347-9350  |p ČB 276/1825 D1 
852 |a snk  |b Zaiova knižnica: Zay 9351-9354  |p ČB 276/1826 
852 |a snk  |b Zaiova knižnica: Zay 9355-9358  |p ČB 276/1827 
852 |a snk  |b Zaiova knižnica: Zay 9359-9362  |p ČB 276/1828 
852 |a snk  |b Zaiova knižnica: Zay 9363-9377  |p ČB 276/1829 D1 
852 |a snk  |b Zaiova knižnica: Zay 9378-9386  |p ČB 276/1830 
852 |a snk  |b Zaiova knižnica: Zay 9387-9398  |p ČB 276/1831 
958 |a DD 
999 |c 859  |d 859 
952 |t Zay 9217  |a SNK  |b SNK  |c SNK_HF  |y PREZ  |7 0  |p 17A1569895  |o snkČB 276/1787/1  |i snk2026/2244  |8 5  |0 0  |1 0  |4 0  |d 2026-02-11  |l 0  |r 2026-02-21 22:34:33  |w 2026-02-21 
952 |t Zay 9218  |a SNK  |b SNK  |c SNK_HF  |y PREZ  |7 0  |p 17A1569896  |o snkČB 276/1787/2  |i snk2026/2246  |8 5  |0 0  |1 0  |4 0  |d 2026-02-11  |l 0  |r 2026-02-21 22:34:33  |w 2026-02-21 
952 |t Zay 9219  |a SNK  |b SNK  |c SNK_HF  |y PREZ  |7 0  |p 17A1569897  |o snkČB 276/1787/3  |i snk2026/2249  |8 5  |0 0  |1 0  |4 0  |d 2026-02-11  |l 0  |r 2026-02-21 22:34:33  |w 2026-02-21 
952 |t Zay 9220  |a SNK  |b SNK  |c SNK_HF  |y PREZ  |7 0  |p 17A1569898  |o snkČB 276/1787/4  |i snk2026/2252  |8 5  |0 0  |1 0  |4 0  |d 2026-02-11  |l 0  |r 2026-02-21 22:34:33  |w 2026-02-21 
952 |t Zay 9221  |a SNK  |b SNK  |c SNK_HF  |y PREZ  |7 0  |p 17A1569899  |o snkČB 276/1788/1  |i snk2026/2253  |8 5  |0 0  |1 0  |4 0  |d 2026-02-11  |l 0  |r 2026-02-21 22:34:33  |w 2026-02-21 
952 |t Zay 9222  |a SNK  |b SNK  |c SNK_HF  |y PREZ  |7 0  |p 17A1569900  |o snkČB 276/1788/2  |i snk2026/2254  |8 5  |0 0  |1 0  |4 0  |d 2026-02-11  |l 0  |r 2026-02-21 22:34:33  |w 2026-02-21 
952 |t Zay 9223  |a SNK  |b SNK  |c SNK_HF  |y PREZ  |7 0  |p 17A1569901  |o snkČB 276/1788/3  |i snk2026/2279  |8 5  |0 0  |1 0  |4 0  |d 2026-02-12  |l 0  |r 2026-02-21 22:34:48  |w 2026-02-21 
952 |t Zay 9224  |a SNK  |b SNK  |c SNK_HF  |y PREZ  |7 0  |p 17A1569902  |o snkČB 276/1788/4  |i snk2026/2281  |8 5  |0 0  |1 0  |4 0  |d 2026-02-12  |l 0  |r 2026-02-21 22:34:48  |w 2026-02-21 
952 |t Zay 9225  |a SNK  |b SNK  |c SNK_HF  |y PREZ  |7 0  |p 17A1569903  |o snkČB 276/1791/1  |i snk2026/2283  |8 5  |0 0  |1 0  |4 0  |d 2026-02-12  |l 0  |r 2026-02-21 22:34:00  |w 2026-02-21 
952 |t Zay 9248  |a SNK  |b SNK  |c SNK_HF  |y PREZ  |7 0  |p 17A1569904  |o snkČB 276/1798/2  |i snk2026/2298  |8 5  |0 0  |1 0  |4 0  |d 2026-02-13  |l 0  |r 2026-02-21 22:35:16  |w 2026-02-21 
952 |t Zay 9249  |a SNK  |b SNK  |c SNK_HF  |y PREZ  |7 0  |p 17A1569905  |o snkČB 276/1798/3  |i snk2026/2299  |8 5  |0 0  |1 0  |4 0  |d 2026-02-13  |l 0  |r 2026-02-21 22:35:16  |w 2026-02-21 
952 |t Zay 9250  |a SNK  |b SNK  |c SNK_HF  |y PREZ  |7 0  |p 17A1569906  |o snkČB 276/1798/4  |i snk2026/2300  |8 5  |0 0  |1 0  |4 0  |d 2026-02-13  |l 0  |r 2026-02-21 22:35:16  |w 2026-02-21 
952 |t Zay 9251  |a SNK  |b SNK  |c SNK_HF  |y PREZ  |7 0  |p 17A1569907  |o snkČB 276/1799/1  |i snk2026/2301  |8 5  |0 0  |1 0  |4 0  |d 2026-02-13  |l 0  |r 2026-02-21 22:35:16  |w 2026-02-21 
952 |t Zay 9252  |a SNK  |b SNK  |c SNK_HF  |y PREZ  |7 0  |p 17A1569908  |o snkČB 276/1799/2  |i snk2026/2302  |8 5  |0 0  |1 0  |4 0  |d 2026-02-13  |l 0  |r 2026-02-21 22:35:17  |w 2026-02-21 
952 |t Zay 9253  |a SNK  |b SNK  |c SNK_HF  |y PREZ  |7 0  |p 17A1569909  |o snkČB 276/1799/3  |i snk2026/2303  |8 5  |0 0  |1 0  |4 0  |d 2026-02-13  |l 0  |r 2026-02-21 22:35:17  |w 2026-02-21 
952 |t Zay 9254  |a SNK  |b SNK  |c SNK_HF  |y PREZ  |7 0  |p 17A1569945  |o snkČB 276/1799/4  |i snk2026/2836  |8 5  |0 0  |1 0  |4 0  |d 2026-03-02  |l 0  |r 2026-03-02 13:58:00  |w 2026-03-02 
952 |t Zay 9255  |a SNK  |b SNK  |c SNK_HF  |y PREZ  |7 0  |p 17A1569944  |o snkČB 276/1800/1  |i snk2026/2840  |8 5  |0 0  |1 0  |4 0  |d 2026-03-02  |l 0  |r 2026-03-02 14:33:00  |w 2026-03-02 
952 |t Zay 9257  |a SNK  |b SNK  |c SNK_HF  |y PREZ  |7 0  |p 17A1569943  |o snkČB 276/1800/2  |i snk2026/2845  |8 5  |0 0  |1 0  |4 0  |d 2026-03-02  |l 0  |r 2026-03-02 14:53:14  |w 2026-03-02 
952 |t Zay 9258  |a SNK  |b SNK  |c SNK_HF  |y PREZ  |7 0  |p 17A1569942  |o snkČB 276/1800/4  |i snk2026/2846  |8 5  |0 0  |1 0  |4 0  |d 2026-03-02  |l 0  |r 2026-03-02 14:56:10  |w 2026-03-02 
952 |t Zay 9259  |a SNK  |b SNK  |c SNK_HF  |y PREZ  |7 0  |p 17A1569941  |o snkČB 276/1801/1 D1  |i snk2026/2849  |8 5  |0 0  |1 0  |4 0  |d 2026-03-02  |l 0  |r 2026-03-02 15:04:00  |w 2026-03-02 
952 |t Zay 9260  |a SNK  |b SNK  |c SNK_HF  |y PREZ  |7 0  |p 17A1569940  |o snkČB 276/1801/2 D1  |i snk2026/2852  |8 5  |0 0  |1 0  |4 0  |d 2026-03-02  |l 0  |r 2026-03-02 15:08:00  |w 2026-03-02 
952 |t Zay 9261  |a SNK  |b SNK  |c SNK_HF  |y PREZ  |7 0  |p 17A1569939  |o snkČB 276/1801/3 D1  |i snk2026/2855  |8 5  |0 0  |1 0  |4 0  |d 2026-03-03  |l 0  |r 2026-03-03 06:38:00  |w 2026-03-03 
952 |t Zay 9262  |a SNK  |b SNK  |c SNK_HF  |y PREZ  |7 0  |p 17A1569938  |o snkČB 276/1801/4 D1  |i snk2026/2856  |8 5  |0 0  |1 0  |4 0  |d 2026-03-03  |l 0  |r 2026-03-03 06:47:19  |w 2026-03-03 
952 |t Zay 9263  |a SNK  |b SNK  |c SNK_HF  |y PREZ  |7 0  |p 17A1569937  |o snkČB 276/1802/1  |i snk2026/2857  |8 5  |0 0  |1 0  |4 0  |d 2026-03-03  |l 0  |r 2026-03-03 06:51:22  |w 2026-03-03 
952 |t Zay 9280  |a SNK  |b SNK  |c SNK_HF  |y PREZ  |7 0  |p 17A1569936  |o snkČB 276/1806/2  |i snk2026/2858  |8 5  |0 0  |1 0  |4 0  |d 2026-03-03  |l 0  |r 2026-03-03 06:56:59  |w 2026-03-03 
952 |t Zay 9281  |a SNK  |b SNK  |c SNK_HF  |y PREZ  |7 0  |p 17A1569935  |o snkČB 276/1806/3  |i snk2026/2862  |8 5  |0 0  |1 0  |4 0  |d 2026-03-03  |l 0  |r 2026-03-03 09:54:34  |w 2026-03-03 
952 |t Zay 9282  |a SNK  |b SNK  |c SNK_HF  |y PREZ  |7 0  |p 17A1569934  |o snkČB 276/1806/4  |i snk2026/2866  |8 5  |0 0  |1 0  |4 0  |d 2026-03-03  |l 0  |r 2026-03-03 09:57:05  |w 2026-03-03 
952 |t Zay 9283  |a SNK  |b SNK  |c SNK_HF  |y PREZ  |7 0  |p 17A1570155  |o snkČB 276/1807/1  |i snk2026/2867  |8 5  |0 0  |1 0  |4 0  |d 2026-03-03  |l 0  |r 2026-03-03 10:02:39  |w 2026-03-03 
952 |t Zay 9284  |a SNK  |b SNK  |c SNK_HF  |y PREZ  |7 0  |p 17A1570154  |o snkČB 276/1807/2  |i snk2026/2868  |8 5  |0 0  |1 0  |4 0  |d 2026-03-03  |l 0  |r 2026-03-03 10:09:19  |w 2026-03-03 
952 |t Zay 9285  |a SNK  |b SNK  |c SNK_HF  |y PREZ  |7 0  |p 17A1570153  |o snkČB 276/1807/3  |i snk2026/2869  |8 5  |0 0  |1 0  |4 0  |d 2026-03-03  |l 0  |r 2026-03-03 10:11:34  |w 2026-03-03 
952 |t Zay 9286  |a SNK  |b SNK  |c SNK_HF  |y PREZ  |7 0  |p 17A1570152  |o snkČB 276/1807/4  |i snk2026/2871  |8 5  |0 0  |1 0  |4 0  |d 2026-03-03  |l 0  |r 2026-03-03 10:21:46  |w 2026-03-03 
952 |t Zay 9287  |a SNK  |b SNK  |c SNK_HF  |y PREZ  |7 0  |p 17A1570151  |o snkČB 276/1808/1  |i snk2026/2880  |8 5  |0 0  |1 0  |4 0  |d 2026-03-03  |l 0  |r 2026-03-03 11:26:04  |w 2026-03-03 
952 |t Zay 9288  |a SNK  |b SNK  |c SNK_HF  |y PREZ  |7 0  |p 17A1570150  |o snkČB 276/1808/2  |i snk2026/2881  |8 5  |0 0  |1 0  |4 0  |d 2026-03-03  |l 0  |r 2026-03-03 11:33:58  |w 2026-03-03 
952 |t Zay 9289  |a SNK  |b SNK  |c SNK_HF  |y PREZ  |7 0  |p 17A1570149  |o snkČB 276/1808/3  |i snk2026/2884  |8 5  |0 0  |1 0  |4 0  |d 2026-03-03  |l 0  |r 2026-03-03 11:36:11  |w 2026-03-03 
952 |t Zay 9290  |a SNK  |b SNK  |c SNK_HF  |y PREZ  |7 0  |p 17A1570148  |o snkČB 276/1808/4  |i snk2026/2886  |8 5  |0 0  |1 0  |4 0  |d 2026-03-03  |l 0  |r 2026-03-03 11:43:00  |w 2026-03-03 
952 |t Zay 9291  |a SNK  |b SNK  |c SNK_HF  |y PREZ  |7 0  |p 17A1570147  |o snkČB 276/1809/1  |i snk2026/2894  |8 5  |0 0  |1 0  |4 0  |d 2026-03-03  |l 0  |r 2026-03-03 13:19:25  |w 2026-03-03 
952 |t Zay 9292  |a SNK  |b SNK  |c SNK_HF  |y PREZ  |7 0  |p 17A1570146  |o snkČB 276/1809/2  |i snk2026/2895  |8 5  |0 0  |1 0  |4 0  |d 2026-03-03  |l 0  |r 2026-03-03 13:28:00  |w 2026-03-03 
952 |t Zay 9293  |a SNK  |b SNK  |c SNK_HF  |y PREZ  |7 0  |p 17A1570145  |o snkČB 276/1809/3  |i snk2026/2897  |8 5  |0 0  |1 0  |4 0  |d 2026-03-03  |l 0  |r 2026-03-03 13:39:11  |w 2026-03-03 
952 |t Zay 9294  |a SNK  |b SNK  |c SNK_HF  |y PREZ  |7 0  |p 17A1570144  |o snkČB 276/1809/4  |i snk2026/2898  |8 5  |0 0  |1 0  |4 0  |d 2026-03-03  |l 0  |r 2026-03-03 13:41:00  |w 2026-03-03 
952 |t Zay 9295  |a SNK  |b SNK  |c SNK_HF  |y PREZ  |7 0  |p 17A1570138  |o snkČB 276/1810/1  |i snk2026/2906  |8 5  |0 0  |1 0  |4 0  |d 2026-03-04  |l 0  |r 2026-03-04 06:58:40  |w 2026-03-04 
952 |t Zay 9296  |a SNK  |b SNK  |c SNK_HF  |y PREZ  |7 0  |p 17A1570139  |o snkČB 276/1810/2  |i snk2026/2907  |8 5  |0 0  |1 0  |4 0  |d 2026-03-04  |l 0  |r 2026-03-04 07:03:00  |w 2026-03-04 
952 |t Zay 9297  |a SNK  |b SNK  |c SNK_HF  |y PREZ  |7 0  |p 17A1570140  |o snkČB 276/1810/3  |i snk2026/2908  |8 5  |0 0  |1 0  |4 0  |d 2026-03-04  |l 0  |r 2026-03-04 07:06:22  |w 2026-03-04 
952 |t Zay 9298  |a SNK  |b SNK  |c SNK_HF  |y PREZ  |7 0  |p 17A1570141  |o snkČB 276/1810/4  |i snk2026/2909  |8 5  |0 0  |1 0  |4 0  |d 2026-03-04  |l 0  |r 2026-03-04 07:09:34  |w 2026-03-04 
952 |t Zay 9299  |a SNK  |b SNK  |c SNK_HF  |y PREZ  |7 0  |p 17A1570142  |o snkČB 276/1811/1  |i snk2026/2923  |8 5  |0 0  |1 0  |4 0  |d 2026-03-04  |l 0  |r 2026-03-04 09:47:00  |w 2026-03-04 
952 |t Zay 9300  |a SNK  |b SNK  |c SNK_HF  |y PREZ  |7 0  |p 17A1570143  |o snkČB 276/1811/2  |i snk2026/2925  |8 5  |0 0  |1 0  |4 0  |d 2026-03-04  |l 0  |r 2026-03-04 09:49:55  |w 2026-03-04 
952 |t Zay 9301  |a SNK  |b SNK  |c SNK_HF  |y PREZ  |7 0  |p 17A1570082  |o snkČB 276/1811/3  |i snk2026/2926  |8 5  |0 0  |1 0  |4 0  |d 2026-03-04  |l 0  |r 2026-03-04 09:53:10  |w 2026-03-04 
952 |t Zay 9302  |a SNK  |b SNK  |c SNK_HF  |y PREZ  |7 0  |p 17A1570097  |o snkČB 276/1811/4  |i snk2026/2933  |8 5  |0 0  |1 0  |4 0  |d 2026-03-04  |l 0  |r 2026-03-04 10:04:40  |w 2026-03-04 
952 |t Zay 9303  |a SNK  |b SNK  |c SNK_HF  |y PREZ  |7 0  |p 17A1570096  |o snkČB 276/1812/1  |i snk2026/2936  |8 5  |0 0  |1 0  |4 0  |d 2026-03-04  |l 0  |r 2026-03-04 10:22:00  |w 2026-03-04 
952 |t Zay 9304  |a SNK  |b SNK  |c SNK_HF  |y PREZ  |7 0  |p 17A1570095  |o snkČB 276/1812/2  |i snk2026/2938  |8 5  |0 0  |1 0  |4 0  |d 2026-03-04  |l 0  |r 2026-03-04 10:32:01  |w 2026-03-04 
952 |t Zay 9305  |a SNK  |b SNK  |c SNK_HF  |y PREZ  |7 0  |p 17A1570094  |o snkČB 276/1812/3  |i snk2026/2939  |8 5  |0 0  |1 0  |4 0  |d 2026-03-04  |l 0  |r 2026-03-04 10:37:03  |w 2026-03-04 
952 |t Zay 9306  |a SNK  |b SNK  |c SNK_HF  |y PREZ  |7 0  |p 17A1570093  |o snkČB 276/1812/4  |i snk2026/2943  |8 5  |0 0  |1 0  |4 0  |d 2026-03-04  |l 0  |r 2026-03-04 10:56:25  |w 2026-03-04 
952 |t Zay 9307  |a SNK  |b SNK  |c SNK_HF  |y PREZ  |7 0  |p 17A1570092  |o snkČB 276/1813/1 D1  |i snk2026/2944  |8 5  |0 0  |1 0  |4 0  |d 2026-03-04  |l 0  |r 2026-03-04 10:59:46  |w 2026-03-04 
952 |t Zay 9308  |a SNK  |b SNK  |c SNK_HF  |y PREZ  |7 0  |p 17A1570091  |o snkČB 276/1813/2 D1  |i snk2026/2946  |8 5  |0 0  |1 0  |4 0  |d 2026-03-04  |l 0  |r 2026-03-04 11:02:10  |w 2026-03-04 
952 |t Zay 9309  |a SNK  |b SNK  |c SNK_HF  |y PREZ  |7 0  |p 17A1570090  |o snkČB 276/1813/3 D1  |i snk2026/2950  |8 5  |0 0  |1 0  |4 0  |d 2026-03-04  |l 0  |r 2026-03-04 11:29:52  |w 2026-03-04 
952 |t Zay 9310  |a SNK  |b SNK  |c SNK_HF  |y PREZ  |7 0  |p 17A1570089  |o snkČB 276/1814/1  |i snk2026/2953  |8 5  |0 0  |1 0  |4 0  |d 2026-03-04  |l 0  |r 2026-03-04 11:33:00  |w 2026-03-04 
952 |t Zay 9311  |a SNK  |b SNK  |c SNK_HF  |y PREZ  |7 0  |p 17A1570088  |o snkČB 276/1814/2  |i snk2026/2956  |8 5  |0 0  |1 0  |4 0  |d 2026-03-04  |l 0  |r 2026-03-04 11:37:35  |w 2026-03-04 
952 |t Zay 9312  |a SNK  |b SNK  |c SNK_HF  |y PREZ  |7 0  |p 17A1570087  |o snkČB 276/1814/3  |i snk2026/2959  |8 5  |0 0  |1 0  |4 0  |d 2026-03-04  |l 0  |r 2026-03-04 11:40:13  |w 2026-03-04 
952 |t Zay 9313  |a SNK  |b SNK  |c SNK_HF  |y PREZ  |7 0  |p 17A1570086  |o snkČB 276/1815/1  |i snk2026/2975  |8 5  |0 0  |1 0  |4 0  |d 2026-03-04  |l 0  |r 2026-03-04 13:26:00  |w 2026-03-04 
952 |t Zay 9314  |a SNK  |b SNK  |c SNK_HF  |y PREZ  |7 0  |p 17A1570085  |o snkČB 276/1815/2  |i snk2026/2978  |8 5  |0 0  |1 0  |4 0  |d 2026-03-04  |l 0  |r 2026-03-04 13:33:56  |w 2026-03-04 
952 |t Zay 9315  |a SNK  |b SNK  |c SNK_HF  |y PREZ  |7 0  |p 17A1570084  |o snkČB 276/1815/3  |i snk2026/2980  |8 5  |0 0  |1 0  |4 0  |d 2026-03-04  |l 0  |r 2026-03-04 13:41:15  |w 2026-03-04 
952 |t Zay 9316  |a SNK  |b SNK  |c SNK_HF  |y PREZ  |7 0  |p 17A1570098  |o snkČB 276/1816/1  |i snk2026/3019  |8 5  |0 0  |1 0  |4 0  |d 2026-03-05  |l 0  |r 2026-03-05 06:52:56  |w 2026-03-05 
952 |t Zay 9317  |a SNK  |b SNK  |c SNK_HF  |y PREZ  |7 0  |p 17A1570099  |o snkČB 276/1816/2  |i snk2026/3020  |8 5  |0 0  |1 0  |4 0  |d 2026-03-05  |l 0  |r 2026-03-05 06:59:14  |w 2026-03-05 
952 |t Zay 9318  |a SNK  |b SNK  |c SNK_HF  |y PREZ  |7 0  |p 17A1570100  |o snkČB 276/1816/3  |i snk2026/3021  |8 5  |0 0  |1 0  |4 0  |d 2026-03-05  |l 0  |r 2026-03-05 07:06:03  |w 2026-03-05 
952 |t Zay 9319  |a SNK  |b SNK  |c SNK_HF  |y PREZ  |7 0  |p 17A1570101  |o snkČB 276/1817/1 D1  |i snk2026/3022  |8 5  |0 0  |1 0  |4 0  |d 2026-03-05  |l 0  |r 2026-03-05 07:11:00  |w 2026-03-05 
952 |t Zay 9320  |a SNK  |b SNK  |c SNK_HF  |y PREZ  |7 0  |p 17A1570102  |o snkČB 276/1817/2 D1  |i snk2026/3045  |8 5  |0 0  |1 0  |4 0  |d 2026-03-05  |l 0  |r 2026-03-05 10:00:00  |w 2026-03-05 
952 |t Zay 9321  |a SNK  |b SNK  |c SNK_HF  |y PREZ  |7 0  |p 17A1570103  |o snkČB 276/1817/3 D1  |i snk2026/3047  |8 5  |0 0  |1 0  |4 0  |d 2026-03-05  |l 0  |r 2026-03-05 10:17:00  |w 2026-03-05 
952 |t Zay 9322  |a SNK  |b SNK  |c SNK_HF  |y PREZ  |7 0  |p 17A1570104  |o snkČB 276/1818/1  |i snk2026/3054  |8 5  |0 0  |1 0  |4 0  |d 2026-03-05  |l 0  |r 2026-03-05 10:44:00  |w 2026-03-05 
952 |t Zay 9323  |a SNK  |b SNK  |c SNK_HF  |y PREZ  |7 0  |p 17A1570105  |o snkČB 276/1818/2  |i snk2026/3057  |8 5  |0 0  |1 0  |4 0  |d 2026-03-05  |l 0  |r 2026-03-05 10:52:05  |w 2026-03-05 
952 |t Zay 9324  |a SNK  |b SNK  |c SNK_HF  |y PREZ  |7 0  |p 17A1570106  |o snkČB 276/1819/1  |i snk2026/3061  |8 5  |0 0  |1 0  |4 0  |d 2026-03-05  |l 0  |r 2026-03-05 11:04:00  |w 2026-03-05 
952 |t Zay 9325  |a SNK  |b SNK  |c SNK_HF  |y PREZ  |7 0  |p 17A1570107  |o snkČB 276/1819/3  |i snk2026/3062  |8 5  |0 0  |1 0  |4 0  |d 2026-03-05  |l 0  |r 2026-03-05 11:11:38  |w 2026-03-05 
952 |t Zay 9326  |a SNK  |b SNK  |c SNK_HF  |y PREZ  |7 0  |p 17A1570108  |o snkČB 276/1819/4  |i snk2026/3063  |8 5  |0 0  |1 0  |4 0  |d 2026-03-05  |l 0  |r 2026-03-05 11:15:21  |w 2026-03-05 
952 |t Zay 9327  |a SNK  |b SNK  |c SNK_HF  |y PREZ  |7 0  |p 17A1570109  |o snkČB 276/1820/1  |i snk2026/3064  |8 5  |0 0  |1 0  |4 0  |d 2026-03-05  |l 0  |r 2026-03-05 11:32:00  |w 2026-03-05 
952 |t Zay 9328  |a SNK  |b SNK  |c SNK_HF  |y PREZ  |7 0  |p 17A1570110  |o snkČB 276/1820/2  |i snk2026/3065  |8 5  |0 0  |1 0  |4 0  |d 2026-03-05  |l 0  |r 2026-03-05 11:38:27  |w 2026-03-05 
952 |t Zay 9329  |a SNK  |b SNK  |c SNK_HF  |y PREZ  |7 0  |p 17A1570111  |o snkČB 276/1820/3  |i snk2026/3068  |8 5  |0 0  |1 0  |4 0  |d 2026-03-05  |l 0  |r 2026-03-05 11:47:40  |w 2026-03-05 
952 |t Zay 9330  |a SNK  |b SNK  |c SNK_HF  |y PREZ  |7 0  |p 17A1570112  |o snkČB 276/1820/4  |i snk2026/3078  |8 5  |0 0  |1 0  |4 0  |d 2026-03-05  |l 0  |r 2026-03-05 13:29:45  |w 2026-03-05 
952 |t Zay 9331  |a SNK  |b SNK  |c SNK_HF  |y PREZ  |7 0  |p 17A1570113  |o snkČB 276/1821/1 D1  |i snk2026/3079  |8 5  |0 0  |1 0  |4 0  |d 2026-03-05  |l 0  |r 2026-03-05 13:33:00  |w 2026-03-05 
952 |t Zay 9332  |a SNK  |b SNK  |c SNK_HF  |y PREZ  |7 0  |p 17A1570114  |o snkČB 276/1821/2 D1  |i snk2026/3083  |8 5  |0 0  |1 0  |4 0  |d 2026-03-05  |l 0  |r 2026-03-05 13:47:00  |w 2026-03-05 
952 |t Zay 9333  |a SNK  |b SNK  |c SNK_HF  |y PREZ  |7 0  |p 17A1570115  |o snkČB 276/1821/3 D1  |i snk2026/3085  |8 5  |0 0  |1 0  |4 0  |d 2026-03-05  |l 0  |r 2026-03-05 13:54:00  |w 2026-03-05 
952 |t Zay 9334  |a SNK  |b SNK  |c SNK_HF  |y PREZ  |7 0  |p 17A1570116  |o snkČB 276/1821/4 D1  |i snk2026/3086  |8 5  |0 0  |1 0  |4 0  |d 2026-03-05  |l 0  |r 2026-03-05 13:59:00  |w 2026-03-05 
952 |t Zay 9335  |a SNK  |b SNK  |c SNK_HF  |y PREZ  |7 0  |p 17A1570117  |o snkČB 276/1822/1  |i snk2026/3119  |8 5  |0 0  |1 0  |4 0  |d 2026-03-06  |l 0  |r 2026-03-06 10:13:22  |w 2026-03-06 
952 |t Zay 9336  |a SNK  |b SNK  |c SNK_HF  |y PREZ  |7 0  |p 17A1570118  |o snkČB 276/1822/2  |i snk2026/3120  |8 5  |0 0  |1 0  |4 0  |d 2026-03-06  |l 0  |r 2026-03-06 10:24:49  |w 2026-03-06 
952 |t Zay 9337  |a SNK  |b SNK  |c SNK_HF  |y PREZ  |7 0  |p 17A1570119  |o snkČB 276/1822/3  |i snk2026/3123  |8 5  |0 0  |1 0  |4 0  |d 2026-03-06  |l 0  |r 2026-03-06 10:30:30  |w 2026-03-06 
952 |t Zay 9338  |a SNK  |b SNK  |c SNK_HF  |y PREZ  |7 0  |p 17A1570120  |o snkČB 276/1822/4  |i snk2026/3129  |8 5  |0 0  |1 0  |4 0  |d 2026-03-06  |l 0  |r 2026-03-06 10:46:32  |w 2026-03-06 
952 |t Zay 9339  |a SNK  |b SNK  |c SNK_HF  |y PREZ  |7 0  |p 17A1570121  |o snkČB 276/1823/1  |i snk2026/3131  |8 5  |0 0  |1 0  |4 0  |d 2026-03-06  |l 0  |r 2026-03-06 10:55:43  |w 2026-03-06 
952 |t Zay 9340  |a SNK  |b SNK  |c SNK_HF  |y PREZ  |7 0  |p 17A1570122  |o snkČB 276/1823/2  |i snk2026/3135  |8 5  |0 0  |1 0  |4 0  |d 2026-03-06  |l 0  |r 2026-03-06 11:13:34  |w 2026-03-06 
952 |t Zay 9341  |a SNK  |b SNK  |c SNK_HF  |y PREZ  |7 0  |p 17A1570123  |o snkČB 276/1823/3  |i snk2026/3136  |8 5  |0 0  |1 0  |4 0  |d 2026-03-06  |l 0  |r 2026-03-06 11:18:27  |w 2026-03-06 
952 |t Zay 9342  |a SNK  |b SNK  |c SNK_HF  |y PREZ  |7 0  |p 17A1570124  |o snkČB 276/1823/4  |i snk2026/3139  |8 5  |0 0  |1 0  |4 0  |d 2026-03-06  |l 0  |r 2026-03-06 11:25:15  |w 2026-03-06 
952 |t Zay 9343  |a SNK  |b SNK  |c SNK_HF  |y PREZ  |7 0  |p 17A1570125  |o snkČB 276/1824/1  |i snk2026/3144  |8 5  |0 0  |1 0  |4 0  |d 2026-03-06  |l 0  |r 2026-03-06 11:29:02  |w 2026-03-06 
952 |t Zay 9344  |a SNK  |b SNK  |c SNK_HF  |y PREZ  |7 0  |p 17A1570126  |o snkČB 276/1824/2  |i snk2026/3145  |8 5  |0 0  |1 0  |4 0  |d 2026-03-06  |l 0  |r 2026-03-06 11:32:46  |w 2026-03-06 
952 |t Zay 9345  |a SNK  |b SNK  |c SNK_HF  |y PREZ  |7 0  |p 17A1570127  |o snkČB 276/1824/3  |i snk2026/3168  |8 5  |0 0  |1 0  |4 0  |d 2026-03-06  |l 0  |r 2026-03-06 12:32:41  |w 2026-03-06 
952 |t Zay 9346  |a SNK  |b SNK  |c SNK_HF  |y PREZ  |7 0  |p 17A1570128  |o snkČB 276/1824/4  |i snk2026/3169  |8 5  |0 0  |1 0  |4 0  |d 2026-03-06  |l 0  |r 2026-03-06 12:37:27  |w 2026-03-06 
952 |t Zay 9347  |a SNK  |b SNK  |c SNK_HF  |y PREZ  |7 0  |p 17A1570129  |o snkČB 276/1825/1 D1  |i snk2026/3172  |8 5  |0 0  |1 0  |4 0  |d 2026-03-06  |l 0  |r 2026-03-06 12:44:36  |w 2026-03-06 
952 |t Zay 9348  |a SNK  |b SNK  |c SNK_HF  |y PREZ  |7 0  |p 17A1570130  |o snkČB 276/1825/2 D1  |i snk2026/3174  |8 5  |0 0  |1 0  |4 0  |d 2026-03-06  |l 0  |r 2026-03-06 12:55:59  |w 2026-03-06 
952 |t Zay 9349  |a SNK  |b SNK  |c SNK_HF  |y PREZ  |7 0  |p 17A1570131  |o snkČB 276/1825/3 D1  |i snk2026/3177  |8 5  |0 0  |1 0  |4 0  |d 2026-03-06  |l 0  |r 2026-03-06 13:06:22  |w 2026-03-06 
952 |t Zay 9350  |a SNK  |b SNK  |c SNK_HF  |y PREZ  |7 0  |p 17A1570132  |o snkČB 276/1825/4 D1  |i snk2026/3178  |8 5  |0 0  |1 0  |4 0  |d 2026-03-06  |l 0  |r 2026-03-06 13:15:00  |w 2026-03-06 
952 |t Zay 9351  |a SNK  |b SNK  |c SNK_HF  |y PREZ  |7 0  |p 17A1570133  |o snkČB 276/1826/1  |i snk2026/3202  |8 5  |0 0  |1 0  |4 0  |d 2026-03-09  |l 0  |r 2026-03-09 09:52:00  |w 2026-03-09 
952 |t Zay 9352  |a SNK  |b SNK  |c SNK_HF  |y PREZ  |7 0  |p 17A1570134  |o snkČB 276/1826/2  |i snk2026/3206  |8 5  |0 0  |1 0  |4 0  |d 2026-03-09  |l 0  |r 2026-03-09 10:03:00  |w 2026-03-09 
952 |t Zay 9353  |a SNK  |b SNK  |c SNK_HF  |y PREZ  |7 0  |p 17A1570135  |o snkČB 276/1826/3  |i snk2026/3213  |8 5  |0 0  |1 0  |4 0  |d 2026-03-09  |l 0  |r 2026-03-09 10:31:00  |w 2026-03-09 
952 |t Zay 9354  |a SNK  |b SNK  |c SNK_HF  |y PREZ  |7 0  |p 17A1570136  |o snkČB 276/1826/4  |i snk2026/3216  |8 5  |0 0  |1 0  |4 0  |d 2026-03-09  |l 0  |r 2026-03-09 10:38:03  |w 2026-03-09 
952 |t Zay 9355  |a SNK  |b SNK  |c SNK_HF  |y PREZ  |7 0  |p 17A1570137  |o snkČB 276/1827/1  |i snk2026/3225  |8 5  |0 0  |1 0  |4 0  |d 2026-03-09  |l 0  |r 2026-03-09 10:56:17  |w 2026-03-09 
952 |t Zay 9356  |a SNK  |b SNK  |c SNK_HF  |y PREZ  |7 0  |p 17A1570156  |o snkČB 276/1827/2  |i snk2026/3228  |8 5  |0 0  |1 0  |4 0  |d 2026-03-09  |l 0  |r 2026-03-09 11:03:07  |w 2026-03-09 
952 |t Zay 9357  |a SNK  |b SNK  |c SNK_HF  |y PREZ  |7 0  |p 17A1570158  |o snkČB 276/1827/3  |i snk2026/3229  |8 5  |0 0  |1 0  |4 0  |d 2026-03-09  |l 0  |r 2026-03-09 11:07:00  |w 2026-03-09 
952 |t Zay 9358  |a SNK  |b SNK  |c SNK_HF  |y PREZ  |7 0  |p 17A1570157  |o snkČB 276/1827/4  |i snk2026/3233  |8 5  |0 0  |1 0  |4 0  |d 2026-03-09  |l 0  |r 2026-03-09 11:18:00  |w 2026-03-09 
952 |t Zay 9359  |a SNK  |b SNK  |c SNK_HF  |y PREZ  |7 0  |p 17A1570159  |o snkČB 276/1828/1  |i snk2026/3278  |8 5  |0 0  |1 0  |4 0  |d 2026-03-09  |l 0  |r 2026-03-09 13:27:45  |w 2026-03-09 
952 |t Zay 9360  |a SNK  |b SNK  |c SNK_HF  |y PREZ  |7 0  |p 17A1570160  |o snkČB 276/1828/2  |i snk2026/3281  |8 5  |0 0  |1 0  |4 0  |d 2026-03-09  |l 0  |r 2026-03-09 13:34:20  |w 2026-03-09 
952 |t Zay 9361  |a SNK  |b SNK  |c SNK_HF  |y PREZ  |7 0  |p 17A1570161  |o snkČB 276/1828/3  |i snk2026/3282  |8 5  |0 0  |1 0  |4 0  |d 2026-03-09  |l 0  |r 2026-03-09 13:41:05  |w 2026-03-09 
952 |t Zay 9362  |a SNK  |b SNK  |c SNK_HF  |y PREZ  |7 0  |p 17A1570162  |o snkČB 276/1828/4  |i snk2026/3283  |8 5  |0 0  |1 0  |4 0  |d 2026-03-09  |l 0  |r 2026-03-09 13:43:15  |w 2026-03-09 
952 |t Zay 9363-Zay 9367  |a SNK  |b SNK  |c SNK_HF  |y PREZ  |7 0  |p 17A1570164  |o snkČB 276/1829/1 D1  |i snk2026/3334  |8 5  |0 0  |1 0  |4 0  |d 2026-03-10  |l 0  |r 2026-03-10 11:00:00  |w 2026-03-10 
952 |t Zay 9368-Zay 9372  |a SNK  |b SNK  |c SNK_HF  |y PREZ  |7 0  |p 17A1570165  |o snkČB 276/1829/2 D1  |i snk2026/3335  |8 5  |0 0  |1 0  |4 0  |d 2026-03-10  |l 0  |r 2026-03-10 11:06:00  |w 2026-03-10 
952 |t Zay 9374-Zay 9377  |a SNK  |b SNK  |c SNK_HF  |y PREZ  |7 0  |p 17A1570166  |o snkČB 276/1829/3 D1  |i snk2026/3339  |8 5  |0 0  |1 0  |4 0  |d 2026-03-10  |l 0  |r 2026-03-10 11:27:56  |w 2026-03-10 
952 |t Zay 9379-Zay 9382  |a SNK  |b SNK  |c SNK_HF  |y PREZ  |7 0  |p 17A1570167  |o snkČB 276/1830/2  |i snk2026/3370  |8 5  |0 0  |1 0  |4 0  |d 2026-03-10  |l 0  |r 2026-03-10 13:27:35  |w 2026-03-10 
952 |t Zay 9383-Zay 9386  |a SNK  |b SNK  |c SNK_HF  |y PREZ  |7 0  |p 17A1570168  |o snkČB 276/1830/3  |i snk2026/3371  |8 5  |0 0  |1 0  |4 0  |d 2026-03-10  |l 0  |r 2026-03-10 13:32:14  |w 2026-03-10 
952 |t Zay 9387-9390  |a SNK  |b SNK  |c SNK_HF  |y PREZ  |7 0  |p 17A1570169  |o snkČB 276/1831/1  |i snk2026/3372  |8 5  |0 0  |1 0  |4 0  |d 2026-03-10  |l 0  |r 2026-03-10 13:37:05  |w 2026-03-10 
952 |t Zay 9391-Zay 9395  |a SNK  |b SNK  |c SNK_HF  |y PREZ  |7 0  |p 17A1570170  |o snkČB 276/1831/2  |i snk2026/3373  |8 5  |0 0  |1 0  |4 0  |d 2026-03-10  |l 0  |r 2026-03-10 13:39:49  |w 2026-03-10 
952 |t Zay 9401-9404, 9414  |a SNK  |b SNK  |c SNK_HF  |y PREZ  |7 0  |p 17A1570175  |o snkČB 276/1790/2  |i snk2026/5299  |8 5  |0 0  |1 0  |4 0  |d 2026-04-14  |l 0  |r 2026-04-14 11:10:00  |w 2026-04-14 
952 |t Zay 9226  |a SNK  |b SNK  |c SNK_HF  |y PREZ  |7 0  |p 17A1570176  |o snkČB 276/1791/3  |i snk2026/5303  |8 5  |0 0  |1 0  |4 0  |d 2026-04-14  |l 0  |r 2026-04-14 11:21:42  |w 2026-04-14 
952 |t Zay 9228  |a SNK  |b SNK  |c SNK_HF  |y PREZ  |7 0  |p 17A1570177  |o snkČB 276/1792/1  |i snk2026/5308  |8 5  |0 0  |1 0  |4 0  |d 2026-04-14  |l 0  |r 2026-04-14 11:38:21  |w 2026-04-14 
952 |t Zay 9229  |a SNK  |b SNK  |c SNK_HF  |y PREZ  |7 0  |p 17A1570178  |o snkČB 276/1792/2  |i snk2026/5313  |8 5  |0 0  |1 0  |4 0  |d 2026-04-14  |l 0  |r 2026-04-14 11:46:41  |w 2026-04-14 
952 |t Zay 9231  |a SNK  |b SNK  |c SNK_HF  |y PREZ  |7 0  |p 17A1570179  |o snkČB 276/1793/1  |i snk2026/5316  |8 5  |0 0  |1 0  |4 0  |d 2026-04-14  |l 0  |r 2026-04-14 11:52:53  |w 2026-04-14 
952 |t Zay 9232  |a SNK  |b SNK  |c SNK_HF  |y PREZ  |7 0  |p 17A1570180  |o snkČB 276/1793/3  |i snk2026/5337  |8 5  |0 0  |1 0  |4 0  |d 2026-04-14  |l 0  |r 2026-04-14 13:21:58  |w 2026-04-14 
952 |t Zay 9234-9239  |a SNK  |b SNK  |c SNK_HF  |y PREZ  |7 0  |p 17A1570181  |o snkČB 276/1796/1-2  |i snk2026/5341  |8 5  |0 0  |1 0  |4 0  |d 2026-04-14  |l 0  |r 2026-04-14 13:30:00  |w 2026-04-14 
952 |t Zay 9240  |a SNK  |b SNK  |c SNK_HF  |y PREZ  |7 0  |p 17A1570182  |o snkČB 276/1796/3  |i snk2026/5343  |8 5  |0 0  |1 0  |4 0  |d 2026-04-14  |l 0  |r 2026-04-14 13:35:00  |w 2026-04-14 
952 |t Zay 9241  |a SNK  |b SNK  |c SNK_HF  |y PREZ  |7 0  |p 17A1570183  |o snkČB 276/1796/4  |i snk2026/5345  |8 5  |0 0  |1 0  |4 0  |d 2026-04-14  |l 0  |r 2026-04-14 13:38:48  |w 2026-04-14 
952 |t Zay 9242  |a SNK  |b SNK  |c SNK_HF  |y PREZ  |7 0  |p 17A1570184  |o snkČB 276/1797/1  |i snk2026/5381  |8 5  |0 0  |1 0  |4 0  |d 2026-04-15  |l 0  |r 2026-04-15 06:50:34  |w 2026-04-15 
952 |t Zay 9243  |a SNK  |b SNK  |c SNK_HF  |y PREZ  |7 0  |p 17A1570185  |o snkČB 276/1797/2  |i snk2026/5382  |8 5  |0 0  |1 0  |4 0  |d 2026-04-15  |l 0  |r 2026-04-15 06:57:55  |w 2026-04-15 
952 |t Zay 9244  |a SNK  |b SNK  |c SNK_HF  |y PREZ  |7 0  |p 17A1570186  |o snkČB 276/1797/3  |i snk2026/5383  |8 5  |0 0  |1 0  |4 0  |d 2026-04-15  |l 0  |r 2026-04-15 07:14:34  |w 2026-04-15 
952 |t Zay 9245-9246  |a SNK  |b SNK  |c SNK_HF  |y PREZ  |7 0  |p 17A1570187  |o snkČB 276/1797/4  |i snk2026/5384  |8 5  |0 0  |1 0  |4 0  |d 2026-04-15  |l 0  |r 2026-04-15 07:17:27  |w 2026-04-15 
952 |t Zay 9247  |a SNK  |b SNK  |c SNK_HF  |y PREZ  |7 0  |p 17A1570188  |o snkČB 276/1798/1  |i snk2026/5385  |8 5  |0 0  |1 0  |4 0  |d 2026-04-15  |l 0  |r 2026-04-15 07:26:33  |w 2026-04-15 
952 |t Zay 9264  |a SNK  |b SNK  |c SNK_HF  |y PREZ  |7 0  |p 17A1570189  |o snkČB 276/1802/2  |i snk2026/5391  |8 5  |0 0  |1 0  |4 0  |d 2026-04-15  |l 0  |r 2026-04-15 09:26:28  |w 2026-04-15 
952 |t Zay 9265  |a SNK  |b SNK  |c SNK_HF  |y PREZ  |7 0  |p 17A1570190  |o snkČB 276/1802/3  |i snk2026/5393  |8 5  |0 0  |1 0  |4 0  |d 2026-04-15  |l 0  |r 2026-04-15 09:30:48  |w 2026-04-15 
952 |t Zay 9266  |a SNK  |b SNK  |c SNK_HF  |y PREZ  |7 0  |p 17A1570191  |o snkČB 276/1802/4  |i snk2026/5394  |8 5  |0 0  |1 0  |4 0  |d 2026-04-15  |l 0  |r 2026-04-15 09:33:23  |w 2026-04-15 
952 |t Zay 9267  |a SNK  |b SNK  |c SNK_HF  |y PREZ  |7 0  |p 17A1570192  |o snkČB 276/1803/1  |i snk2026/5396  |8 5  |0 0  |1 0  |4 0  |d 2026-04-15  |l 0  |r 2026-04-15 09:51:44  |w 2026-04-15 
952 |t Zay 9268  |a SNK  |b SNK  |c SNK_HF  |y PREZ  |7 0  |p 17A1570193  |o snkČB 276/1803/2  |i snk2026/5401  |8 5  |0 0  |1 0  |4 0  |d 2026-04-15  |l 0  |r 2026-04-15 09:57:09  |w 2026-04-15 
952 |t Zay 9269  |a SNK  |b SNK  |c SNK_HF  |y PREZ  |7 0  |p 17A1570194  |o snkČB 276/1803/3  |i snk2026/5402  |8 5  |0 0  |1 0  |4 0  |d 2026-04-15  |l 0  |r 2026-04-15 10:01:11  |w 2026-04-15 
952 |t Zay 9270  |a SNK  |b SNK  |c SNK_HF  |y PREZ  |7 0  |p 17A1570195  |o snkČB 276/1803/4  |i snk2026/5407  |8 5  |0 0  |1 0  |4 0  |d 2026-04-15  |l 0  |r 2026-04-15 10:50:34  |w 2026-04-15 
952 |t Zay 9271  |a SNK  |b SNK  |c SNK_HF  |y PREZ  |7 0  |p 17A1570196  |o snkČB 276/1804/1  |i snk2026/5424  |8 5  |0 0  |1 0  |4 0  |d 2026-04-15  |l 0  |r 2026-04-15 11:53:47  |w 2026-04-15 
952 |t Zay 9272  |a SNK  |b SNK  |c SNK_HF  |y PREZ  |7 0  |p 17A1570197  |o snkČB 276/1804/2  |i snk2026/5425  |8 5  |0 0  |1 0  |4 0  |d 2026-04-15  |l 0  |r 2026-04-15 11:56:24  |w 2026-04-15 
952 |t Zay 9273  |a SNK  |b SNK  |c SNK_HF  |y PREZ  |7 0  |p 17A1570198  |o snkČB 276/1804/3  |i snk2026/5426  |8 5  |0 0  |1 0  |4 0  |d 2026-04-15  |l 0  |r 2026-04-15 11:59:21  |w 2026-04-15 
952 |t Zay 9274  |a SNK  |b SNK  |c SNK_HF  |y PREZ  |7 0  |p 17A1570199  |o snkČB 276/1804/4  |i snk2026/5428  |8 5  |0 0  |1 0  |4 0  |d 2026-04-15  |l 0  |r 2026-04-15 12:03:05  |w 2026-04-15 
952 |t Zay 9275  |a SNK  |b SNK  |c SNK_HF  |y PREZ  |7 0  |p 17A1570467  |o snkČB 276/1805/1  |i snk2026/5452  |8 5  |0 0  |1 0  |4 0  |d 2026-04-15  |l 0  |r 2026-04-15 13:23:06  |w 2026-04-15 
952 |t Zay 9276  |a SNK  |b SNK  |c SNK_HF  |y PREZ  |7 0  |p 17A1570468  |o snkČB 276/1805/2  |i snk2026/5453  |8 5  |0 0  |1 0  |4 0  |d 2026-04-15  |l 0  |r 2026-04-15 13:25:27  |w 2026-04-15 
952 |t Zay 9277  |a SNK  |b SNK  |c SNK_HF  |y PREZ  |7 0  |p 17A1570469  |o snkČB 276/1805/3  |i snk2026/5459  |8 5  |0 0  |1 0  |4 0  |d 2026-04-15  |l 0  |r 2026-04-15 13:30:43  |w 2026-04-15 
952 |t Zay 9278  |a SNK  |b SNK  |c SNK_HF  |y PREZ  |7 0  |p 17A1570470  |o snkČB 276/1805/4  |i snk2026/5460  |8 5  |0 0  |1 0  |4 0  |d 2026-04-15  |l 0  |r 2026-04-15 13:34:17  |w 2026-04-15 
952 |t Zay 9279  |a SNK  |b SNK  |c SNK_HF  |y PREZ  |7 0  |p 17A1570473  |o snkČB 276/1806/1  |i snk2026/5501  |8 5  |0 0  |1 0  |4 0  |d 2026-04-16  |l 0  |r 2026-04-16 06:54:42  |w 2026-04-16 
952 |t Zay 9396-9398  |a SNK  |b SNK  |c SNK_HF  |y PREZ  |7 0  |p 17A1570472  |o snkČB 276/1831/4  |i snk2026/5502  |8 5  |0 0  |1 0  |4 0  |d 2026-04-16  |l 0  |r 2026-04-16 07:01:04  |w 2026-04-16 
952 |t Zay 9399-9400  |a SNK  |b SNK  |c SNK_HF  |y PREZ  |7 0  |p 17A1570471  |o snkČB 276/1790/1  |i snk2026/5503  |8 5  |0 0  |1 0  |4 0  |d 2026-04-16  |l 0  |r 2026-04-16 07:06:43  |w 2026-04-16